[Event "ESP-chT Primera Division 2019"]
[Site "Linares"]
[Date "2019.08.28"]
[Round "3.2"]
[White "Plazuelo Pascual, Juan"]
[Black "Alsina Leal, Daniel"]
[Result "0-1"]
[WhiteElo "2411"]
[BlackElo "2477"]
[Annotator "TA"]
[PlyCount "108"]
[EventDate "2019.08.26"]
[EventType "team-tourn"]
[EventCountry "ESP"]
[SourceTitle "playchess.com"]
[Source "ChessBase"]
[SourceQuality "1"]

{[%evp 15,108,24,25,35,43,32,62,44,60,42,62,54,62,72,83,70,85,69,83,71,73,46,50,52,63,9,10,-40,40,24,84,22,36,42,54,-37,-32,-33,-37,-91,-38,-38,-41,-36,-37,-42,-33,-26,-33,-33,-47,-43,-23,-38,-23,-23,-23,-461,-470,-1051,-1038,-840,-433,-469,-320,-425,-287,-1195,-1189,-1093,-747,-2197,-1752,-29967,-29970,-29963,-29967,-29956,-29968,-29939,-121,-121,-121,-121,0,0,0,0,0,-29978,-29979,-29985,-29986,-29985,-29984]} 1. d4 d5 2. c4 c6 3. Nf3 Nf6 4. e3 Bf5 5. Nc3 e6 6. Nh4 Be4 7. f3 Bg6 8. Qb3 Qc7 9. Bd2 {D12: Slav Defence: 3 Nf3 Nf6 4 e3 Bf5} a5 $146 ({Predecessor:} 9... Be7 10. Rc1 Nbd7 11. cxd5 exd5 12. Nxg6 hxg6 13. g3 Rd8 14. Kf2 Nf8 15. Bd3 g5 16. h3 g6 {0-1 (39) Ding,L (2805)-Yu,Y (2752) Saint Louis 2019}) 10. cxd5 Nxd5 11. Nxg6 {White is slightly better.} hxg6 12. g3 Nxc3 13. bxc3 b5 14. a4 bxa4 15. Qxa4 Be7 16. f4 O-O 17. Bg2 Ra7 18. c4 {Black must now prevent c5.} c5 $1 19. d5 Bf6 20. Rc1 (20. Rb1 $14) 20... e5 $11 21. e4 Nd7 (21... exf4 $1 $15 22. Bxf4 Qe7) 22. O-O $14 Rb8 (22... exf4 $11 {keeps the balance.} 23. gxf4 (23. Bxf4 Bd4+ 24. Kh1 Ne5 $11) 23... Bd4+ 24. Kh1 Nf6) 23. Rb1 (23. f5 $1 $16) 23... Rb4 24. Bxb4 cxb4 25. f5 (25. Qb5 $14) 25... g5 $15 26. Rfd1 Be7 27. c5 ({White should play} 27. Kh1 $15) 27... Nxc5 ({Better is} 27... Bxc5+ $17 28. Kh1 Bd4) 28. Qe8+ Bf8 29. d6 $1 {[%cal Rd6c7]} Qb6 {( -> ...Nd3+)} 30. Kh1 {Hoping for d7.} Rd7 31. Qxe5 Rxd6 32. Rxd6 Qxd6 33. Qxd6 Bxd6 {[%mdl 4096] Endgame KRB-KBN} 34. Rd1 Be7 35. e5 a4 36. Rc1 $2 {[%mdl 8192]} (36. Rd4 $11 b3 37. Bd5) 36... b3 $19 37. Rxc5 (37. Bd5 $142 b2 38. Rf1) 37... Bxc5 {KB-KB} 38. Bd5 Kf8 39. Kg2 f6 40. exf6 gxf6 41. Kf3 $2 (41. h4) 41... Ke7 42. h4 {[#]} g4+ $1 {[%mdl 512]} 43. Kxg4 Kd6 44. Be6 Be3 45. Kf3 Bh6 46. Kg4 Kc5 47. Kh5 Bd2 $2 (47... Be3 {mates} 48. Kg4 Kb4 49. Kf3 a3 50. Kxe3 a2 51. g4 a1=Q 52. Bxb3 Kxb3 53. Kf2 Qd4+ 54. Kf3 Qd1+ 55. Kf4 Qe1 56. h5 Kc4 57. g5 Qh4+ $1 {[%mdl 512]} 58. Kf3 Qxh5+ 59. Kg3 Qxg5+ 60. Kf2 Kd3 61. Kf3 Qh4 62. Kg2 Ke3 63. Kg1 Kf3 64. Kf1 Qh1#) 48. g4 $17 Kb4 49. g5 {[#] Threatens to win with g6.} fxg5 (49... b2 $1 $17 {[%cal Rb2b1]} 50. Ba2 Ka3) 50. hxg5 $11 {f6 is the strong threat.} a3 {[%cal Ba4a3,Ba3a2][%mdl 32]} (50... b2 $5 51. Ba2 $8 Bc3 $11) 51. f6 Bc3 {aiming for ...a2.} 52. Kg6 $2 {[%mdl 8192]} (52. Kh6 $11 Ka4 53. f7) 52... Bd4 {Black mates.} ({Not} 52... a2 53. f7 $16) 53. Kf7 a2 54. g6 {[#]} a1=Q {Played: Bd4xf6} 0-1

[Event "ESP-chT Primera Division 2019"]
[Site "Linares"]
[Date "2019.08.28"]
[Round "3.3"]
[White "Alonso Moyano, Jonathan"]
[Black "Rubio Mejia, Luis Ignacio"]
[Result "1/2-1/2"]
[WhiteElo "2358"]
[BlackElo "2435"]
[Annotator "TA"]
[PlyCount "87"]
[EventDate "2019.08.26"]
[EventType "team-tourn"]
[EventCountry "ESP"]
[SourceTitle "playchess.com"]
[Source "ChessBase"]
[SourceQuality "1"]

{[%evp 9,87,-3,21,21,21,22,29,25,22,20,23,25,14,22,29,26,23,22,29,31,39,37,41,22,23,27,28,20,29,29,34,31,22,18,32,32,32,31,31,32,38,36,32,32,53,31,46,43,48,48,46,51,76,39,39,39,39,39,40,40,42,32,35,33,93,0,0,0,0,0,0,0,0,0,10,4,4,0,0,0]} 1. e4 c6 2. Nf3 d5 3. d3 dxe4 4. dxe4 Qxd1+ 5. Kxd1 Bg4 (5... Nf6 6. Nbd2 g6 7. c3 Bg7 8. Ne1 Ng4 9. Nd3 Nd7 10. Nc4 O-O 11. f3 Nge5 12. Ndxe5 Nxe5 {½-½ (82) Van Foreest,J (2612)-Martirosyan,H (2607) chess.com INT 2019}) 6. Be2 {B10: Caro-Kann: 2 d3 and 2 c4} Nd7 7. Ne1 $146 ({Predecessor:} 7. Nd4 Bxe2+ 8. Kxe2 e5 {½-½ (8) Azaric,S (2302)-Ostojic,N (2444) Belgrade 2014}) 7... Bxe2+ 8. Kxe2 {White has an edge.} e6 9. Be3 Bc5 10. Nd3 Bxe3 11. Kxe3 Ngf6 12. f3 Ke7 13. Nd2 Rac8 14. a4 Ne8 15. e5 f6 16. Rhe1 Nxe5 17. Nxe5 fxe5 18. Nc4 Nf6 19. Nxe5 Rhd8 20. c4 Nd7 21. Nd3 a5 22. Re2 c5 23. Rae1 Rc6 24. Kd2 Nf8 25. Kc3 b6 26. Re3 Rcd6 27. R1e2 Kf6 28. Nf2 {Threatens to win with Ne4+.} Ke7 29. h4 g6 30. g3 Rd4 31. f4 h5 32. b3 R8d6 33. Kc2 Rd7 34. Re5 Kf7 35. Ne4 Ke7 36. Ng5 {[%cal Rg5e6]} R7d6 (36... R4d6 $1 $14) 37. f5 (37. R5e3 $16) 37... gxf5 $11 {The position is equal.} 38. Rxf5 {[#] Hoping for Rf7+.} Rd2+ $1 39. Rxd2 Rxd2+ 40. Kxd2 exf5 41. Nh3 {And now Nf4 would win.} Ne6 42. Ke3 Kf7 $1 43. Nf4 Nxf4 44. gxf4 {Accuracy: White = 75%, Black = 62%.} 1/2-1/2

[Event "ESP-chT Primera Division 2019"]
[Site "Linares"]
[Date "2019.08.28"]
[Round "3.4"]
[White "Almagro Llamas, Pablo"]
[Black "Martinez Ramirez, Erik"]
[Result "1-0"]
[WhiteElo "2453"]
[BlackElo "2217"]
[Annotator "ChessBase"]
[PlyCount "49"]
[EventDate "2019.08.26"]
[EventType "team-tourn"]
[EventCountry "ESP"]
[SourceTitle "playchess.com"]
[Source "ChessBase"]
[SourceQuality "1"]
[TimeControl "5400+30"]

1. c4 {[%emt 0:00:00]} Nf6 {[%emt 0:00:00]} 2. Nf3 {[%emt 0:00:20]} g6 {[%emt 0:00:00]} 3. Nc3 {[%emt 0:00:30]} d5 {[%emt 0:00:06]} 4. cxd5 {[%emt 0:00:14]} Nxd5 {[%emt 0:00:06]} 5. g3 {[%emt 0:00:49]} Bg7 {[%emt 0:00:07]} 6. Bg2 {[%emt 0:00:11]} O-O {[%emt 0:01:07]} 7. O-O {[%emt 0:00:33]} Nc6 {[%emt 0:02:31]} 8. d4 {[%emt 0:06:36]} Nb6 {[%emt 0:03:21]} 9. e3 {[%emt 0:01:19]} Re8 {[%emt 0:01:14]} 10. Qe2 {[%emt 0:07:41]} e5 {[%emt 0:03:07]} 11. dxe5 {[%emt 0:00:21]} Nxe5 {[%emt 0:00:08]} 12. Nxe5 {[%emt 0:00:24]} Bxe5 {[%emt 0:00:24]} 13. e4 {[%emt 0:03:24]} Be6 {[%emt 0:03:13]} 14. Rd1 {[%emt 0:01:49]} Qf6 {[%emt 0:06:10]} 15. f4 {[%emt 0:04:32]} Bxc3 {[%emt 0:00:23]} 16. bxc3 {[%emt 0:00:08]} Qxc3 {[%emt 0:00:23]} 17. Bb2 {[%emt 0:02:19]} Qa5 {[%emt 0:04:59]} 18. f5 {[%emt 0:25:43]} Bc8 {[%emt 0:15:02]} 19. Rac1 {[%emt 0:10:26]} Nd7 {[%emt 0:13:10]} 20. Qe3 {[%emt 0:06:19]} Qxa2 {[%emt 0:19:04]} 21. Qc3 {[%emt 0:07:11]} Ne5 {[%emt 0:01:14]} 22. Rd8 {[%emt 0:03:48]} Rxd8 {[%emt 0:00:08]} 23. Qxe5 {[%emt 0:00:09]} f6 {[%emt 0:00:40]} 24. Qxf6 {[%emt 0:00:15]} Rd7 {[%emt 0:00:14]} 25. fxg6 {[%emt 0:06:37]} 1-0

[Event "ESP-chT Primera Division 2019"]
[Site "Linares"]
[Date "2019.08.28"]
[Round "3.5"]
[White "Rivas Garcia, Victor"]
[Black "Cabrera Trujillo, Jorge"]
[Result "0-1"]
[WhiteElo "2165"]
[BlackElo "2308"]
[Annotator "TA"]
[PlyCount "60"]
[EventDate "2019.08.26"]
[EventType "team-tourn"]
[EventCountry "ESP"]
[SourceTitle "playchess.com"]
[Source "ChessBase"]
[SourceQuality "1"]

{[%evp 9,96,0,0,0,0,0,0,0,0,0,18,24,25,14,31,33,35,18,31,15,21,0,67,73,70,70,87,55,125,120,116,49,48,44,52,27,35,8,28,30,25,-61,-63,-81,-62,-66,-48,-125,-134,-156,-162,-170,-134,-133,-130,-129,-120,-82,-98,-240,-241,-443,-445,-1120,-1130,-1100,-1129,-1129,-1088,-1060,-1075,-893,-936,-711,-710,-488,-344,-410,0,-493,-478,-709,-434,-6307,-5589,-29985,-29986,-29996,-29997]} 1. e4 c5 2. Nc3 Nc6 3. Bb5 Nd4 4. Bc4 Nf6 (4... e6 5. Nge2 Ne7 6. Nxd4 cxd4 7. Ne2 Nc6 8. O-O a6 9. d3 d5 10. exd5 exd5 11. Bb3 Bd6 12. Nf4 Bxf4 13. Bxf4 O-O 14. Qf3 Be6 15. Rfe1 {1-0 (58) Cornette,M (2611)-Lenic,L (2662) chess.com INT 2018}) 5. Nge2 a6 6. a4 {B23: Closed Sicilian: Lines without g3} e6 7. O-O d5 8. exd5 {The position is equal.} exd5 9. Ba2 $1 Bg4 10. h3 Be6 11. d3 $146 ({Predecessor:} 11. Nxd4 cxd4 12. Ne2 {1-0 (47) Simonian,H (2469)-Flumbort,A (2530) Budapest 2012}) 11... Nc6 12. Bg5 {aiming for Nf4.} Be7 13. Nf4 {Threatening Re1.} Qd6 14. Qd2 Nb4 15. Bb3 h6 (15... O-O $11) 16. Nxe6 $14 fxe6 17. Bf4 Qd7 18. a5 {Threatens to win with Na4.} O-O ({Black should play} 18... Bd6 $14) 19. Na4 $1 $16 {And now Nb6 would win.} Rae8 20. Nb6 (20. Qe3 $1 $16) 20... Qd8 $1 $14 21. Ba4 Nc6 22. Bxc6 bxc6 23. Rfe1 Bd6 24. Bxd6 Qxd6 25. c4 ({Better is} 25. Re3 $11) 25... d4 $1 $15 26. Rab1 Nh5 27. Re4 Nf4 28. b4 (28. Na4 $15) 28... e5 $1 $17 29. f3 cxb4 30. c5 Qxc5 {Played: Qd6-g6} 0-1

[Event "ESP-chT Primera Division 2019"]
[Site "Linares"]
[Date "2019.08.28"]
[Round "3.6"]
[White "Arno Bendicho, Xenia"]
[Black "Garcia-Castany Musellas, Gal.la"]
[Result "0-1"]
[WhiteElo "1774"]
[BlackElo "2149"]
[Annotator "NA"]
[PlyCount "102"]
[EventDate "2019.08.26"]
[EventType "team-tourn"]
[EventCountry "ESP"]
[SourceTitle "playchess.com"]
[Source "ChessBase"]
[SourceQuality "1"]
[TimeControl "5400+30"]

1. c4 {[%emt 0:00:00]} Nf6 {[%emt 0:00:00]} 2. Nf3 {[%emt 0:00:06]} e6 {[%emt 0:00:37]} 3. g3 d5 {[%emt 0:05:19]} 4. Bg2 {[%emt 0:00:11]} Bd6 {[%emt 0:01:21]} 5. O-O {[%emt 0:00:23]} O-O {[%emt 0:00:18]} 6. d3 {[%emt 0:01:19]} b6 {[%emt 0:06:01]} 7. a3 {[%emt 0:10:32]} Bb7 {[%emt 0:05:55]} 8. b3 {[%emt 0:08:47]} Nbd7 {[%emt 0:05:45]} 9. Bb2 {[%emt 0:00:41]} a6 {[%emt 0:04:51]} 10. Nbd2 {[%emt 0:03:56]} Re8 {[%emt 0:09:57]} 11. Rc1 {[%emt 0:07:01]} Qe7 {[%emt 0:06:10]} 12. Nb1 {[%emt 0:10:31]} Rad8 {[%emt 0:12:56]} 13. Nfd2 {[%emt 0:14:57]} Ba8 {[%emt 0:04:14]} 14. Re1 {[%emt 0:02:47]} c5 {[%emt 0:05:43]} 15. Nc3 {[%emt 0:07:51]} Be5 {[%emt 0:01:58]} 16. Nf3 {[%emt 0:06:04]} Bc7 {[%emt 0:03:12]} 17. Qc2 {[%emt 0:02:44]} d4 18. Nb1 Ng4 {[%emt 0:09:12]} 19. h3 {[%emt 0:09:15]} Nge5 {[%emt 0:00:29]} 20. Nbd2 {[%emt 0:00:18]} h5 {[%emt 0:00:39]} 21. Nxe5 {[%emt 0:00:55]} Nxe5 {[%emt 0:01:04]} 22. Bxa8 {[%emt 0:00:11]} Rxa8 {[%emt 0:00:04]} 23. Nf3 {[%emt 0:00:45]} Nxf3+ {[%emt 0:04:30]} 24. exf3 {[%emt 0:00:04]} h4 {[%emt 0:00:04]} 25. f4 {[%emt 0:02:45]} Qf6 {[%emt 0:03:56]} 26. Re4 {[%emt 0:03:53]} g6 {[%emt 0:01:52]} 27. Qe2 {[%emt 0:00:38]} Kg7 {[%emt 0:00:30]} 28. Qf3 {[%emt 0:03:46]} Rh8 29. g4 g5 {[%emt 0:02:10]} 30. f5 {[%emt 0:01:22]} exf5 {[%emt 0:01:59]} 31. Qxf5 {[%emt 0:00:07]} Qxf5 {[%emt 0:00:15]} 32. gxf5 {[%emt 0:00:03]} Kf6 {[%emt 0:00:03]} 33. Rce1 {[%emt 0:00:19]} Bd6 {[%emt 0:00:50]} 34. Bc1 {[%emt 0:00:22]} Kxf5 {[%emt 0:00:19]} 35. Rg4 {[%emt 0:00:41]} f6 {[%emt 0:00:48]} 36. Ree4 {[%emt 0:01:19]} Rhg8 {[%emt 0:03:42]} 37. f3 {[%emt 0:02:02]} b5 {[%emt 0:00:21]} 38. cxb5 {[%emt 0:00:49]} axb5 {[%emt 0:00:04]} 39. Re2 {[%emt 0:00:49]} Rge8 {[%emt 0:00:18]} 40. Rge4 {[%emt 0:00:20]} Rxe4 {[%emt 0:00:27]} 41. fxe4+ {[%emt 0:00:04]} Ke6 {[%emt 0:00:10]} 42. Kf1 {[%emt 0:00:13]} Ke5 {[%emt 0:01:19]} 43. Ke1 {[%emt 0:00:24]} c4 {[%emt 0:00:50]} 44. bxc4 {[%emt 0:01:41]} bxc4 {[%emt 0:00:11]} 45. dxc4 {[%emt 0:00:23]} Bxa3 {[%emt 0:00:07]} 46. Kd1 {[%emt 0:00:59]} Bxc1 {[%emt 0:00:16]} 47. Kxc1 {[%emt 0:00:03]} Rc8 {[%emt 0:00:15]} 48. Rc2 {[%emt 0:00:28]} Kxe4 {[%emt 0:00:05]} 49. Kd2 {[%emt 0:00:11]} f5 {[%emt 0:00:20]} 50. c5 {[%emt 0:00:21]} g4 {[%emt 0:00:11]} 51. hxg4 {[%emt 0:00:11]} fxg4 {[%emt 0:00:05]} 0-1

[Event "ESP-chT Primera Division 2019"]
[Site "Linares"]
[Date "2019.08.28"]
[Round "3.7"]
[White "Matnadze, Ana"]
[Black "Vallejo Pons, Francisco"]
[Result "1/2-1/2"]
[WhiteElo "2363"]
[BlackElo "2678"]
[Annotator "TA"]
[PlyCount "70"]
[EventDate "2019.08.26"]
[EventType "team-tourn"]
[EventCountry "ESP"]
[SourceTitle "playchess.com"]
[Source "ChessBase"]
[SourceQuality "1"]

{[%evp 15,70,4,14,11,13,10,68,3,64,25,61,56,51,34,38,41,47,22,48,37,41,33,51,0,0,-14,-15,-17,0,0,0,0,0,0,64,0,0,0,0,-13,11,10,20,-6,235,231,239,248,231,231,209,86,117,113,169,163,176]} 1. Nf3 Nf6 2. c4 c5 3. g3 b6 4. Bg2 Bb7 5. O-O e6 6. b3 Be7 7. Bb2 O-O 8. d4 cxd4 9. Nxd4 {A30: Symmetrical English: Double Fianchetto and Hedgehog} (9. Qxd4 Nc6 10. Qf4 Qb8 11. Nc3 Rd8 12. Rfd1 h6 13. Rac1 a6 14. Na4 Qa7 15. Qc7 b5 16. Bxf6 Rac8 17. Qb6 Bxf6 18. Qxa7 Nxa7 19. Nb6 Rc7 20. cxb5 Rxc1 21. Rxc1 Nxb5 {½-½ (47) Nakamura,H (2746)-Jobava,B (2627) St Petersburg 2018}) 9... Qc8 10. Nc3 a6 ({Black should try} 10... Bxg2 $11 11. Kxg2 Nc6) 11. e3 (11. e4 $14) 11... d6 (11... Bxg2 $11 12. Kxg2 Nc6) 12. Qe2 $146 ({Predecessor:} 12. f4 Bxg2 13. Kxg2 d5 14. Qf3 Bb4 15. Rac1 Bxc3 16. Bxc3 Qd7 17. Rfd1 Rd8 18. Bb2 Ra7 19. Nc2 {1-0 (43) Kern,G (2340)-Stone,A (2190) Latschach 2013}) 12... Nbd7 13. f3 Re8 14. Rfd1 Qc7 15. Rac1 Rac8 16. g4 g6 17. f4 e5 18. Nd5 Qb8 $1 {Threatens to win with ...Nxd5.} 19. Nxe7+ ({Better is} 19. fxe5 $1 $14 dxe5 20. Nc2) 19... Rxe7 $11 20. Bxb7 Qxb7 21. Qf3 Qxf3 22. Nxf3 e4 23. Nh4 Nxg4 24. Rxd6 Nxe3 ({Black should play} 24... Nc5 $1 $11) 25. Bd4 (25. Rc3 $1 $14 Nf5 26. Nxf5 gxf5 27. Rg3+ Kf8 28. Kf2) 25... Ng4 26. h3 $36 {[%mdl 2048] White has the initiative.} Nh6 27. Be3 a5 28. Rcd1 Rc7 29. Kf2 {Black must now prevent f5.} Rb7 $2 (29... f5 $11) 30. f5 $1 $18 Nxf5 31. Nxf5 gxf5 {[#]} 32. Rg1+ $1 Kh8 {[#] intending ...f6.} 33. Bd4+ (33. Rc6 $1 $18 {[%cal Rc6c8] White wants to mate with Rc8+.} Rb8 34. Bd4+ Ne5 35. Rg5) 33... f6 $16 34. Ke3 {[%mdl 1024] White has strong compensation.} Rg7 (34... a4 $16) 35. Kf4 $18 Rxg1 {Accuracy: White = 43%, Black = 38%.} 1/2-1/2

[Event "ESP-chT Primera Division 2019"]
[Site "Linares"]
[Date "2019.08.28"]
[Round "3.8"]
[White "Alekseenko, Kirill"]
[Black "Gonzalez Merino, Alberto"]
[Result "1-0"]
[WhiteElo "2668"]
[BlackElo "2226"]
[Annotator "TA"]
[PlyCount "59"]
[EventDate "2019.08.26"]
[EventType "team-tourn"]
[EventCountry "ESP"]
[SourceTitle "playchess.com"]
[Source "ChessBase"]
[SourceQuality "1"]

{[%evp 20,59,19,0,51,56,68,63,109,109,116,122,116,68,122,134,127,159,118,125,362,303,287,275,257,254,498,405,440,441,658,612,945,906,1564,1441,3125,2786,2039,1758,29982,3739]} 1. e4 e6 2. d4 d5 3. Nd2 Nf6 4. e5 Nfd7 5. f4 c5 6. c3 Nc6 7. Ndf3 Qb6 8. h4 cxd4 9. cxd4 Bb4+ 10. Kf2 f6 11. Kg3 Nf8 {C05: French Tarrasch: 3...Nf6 4 e5 Nfd7, 5 f4 and 5 Bd3 sidelines} (11... fxe5 $11 12. fxe5 O-O) (11... O-O 12. Nh3 fxe5 13. dxe5 Nc5 14. Kh2 Ne4 15. Nfg5 h6 16. Nxe4 dxe4 17. Qe2 Bd7 18. Be3 Qa5 19. a3 {0-1 (35) Sax,G (2584)-Luther,T (2573) Bad Zwesten 2002}) 12. Bd3 Bd7 13. Ne2 O-O-O {White is slightly better.} 14. a3 Be7 15. b4 $146 {[%cal Bb2b4,Bb4b5][%mdl 32]} ({Predecessor:} 15. Kh2 h5 16. b4 Be8 17. Bd2 Bg6 18. Bxg6 Nxg6 19. Qc2 {1-0 (30) Mazarov,J (2157)-Kahleys,K (1851) Kranenburg 2008}) 15... Be8 16. Nc3 Bh5 ({Black should play} 16... Qc7 $14) 17. Na4 $16 Qc7 18. Be3 Kb8 19. Rc1 $36 {[%mdl 2048] Strongly threatening b5. Keeping Black busy.} Qd7 $2 {[#]} (19... a6 $16 {keeps fighting.}) 20. b5 $18 Na5 21. Nc5 Bxc5 22. dxc5 {Threatens to win with Qa4.} fxe5 $2 (22... Bxf3 23. gxf3 fxe5) 23. fxe5 Ng6 24. Qa4 d4 (24... Bxf3 $142 25. Qxa5 (25. gxf3 d4 $18) 25... d4) 25. c6 ({Weaker is} 25. Qxa5 dxe3 26. c6 (26. Bxg6 Bxf3 27. c6 Qc7 $16) 26... Qc7 $16) 25... Qc7 26. cxb7 Qb6 27. Nxd4 {[%cal Bf3d4,Bd4f5,Bf5d6][%mdl 32]} Kxb7 28. Be4+ Rd5 29. Nf5 Qd8 30. Nd6+ {Accuracy: White = 89%, Black = 23%.} 1-0

[Event "ESP-chT Primera Division 2019"]
[Site "Linares"]
[Date "2019.08.28"]
[Round "3.9"]
[White "Rodriguez Amezqueta, Carlos"]
[Black "Sarana, Alexey"]
[Result "0-1"]
[WhiteElo "2063"]
[BlackElo "2655"]
[Annotator "TA"]
[PlyCount "52"]
[EventDate "2019.08.26"]
[EventType "team-tourn"]
[EventCountry "ESP"]
[SourceTitle "playchess.com"]
[Source "ChessBase"]
[SourceQuality "1"]

{[%evp 9,60,14,13,14,16,0,0,0,15,0,0,0,3,0,0,0,-5,-40,-37,-110,-95,-77,-100,-113,-38,-90,-98,-126,-127,-127,-94,-147,-128,-141,-126,-152,-152,-155,-165,-185,-139,-136,-144,-170,-152,-152,-155,-793,-514,-865,-852,-852,-820]} 1. d4 Nf6 2. Bf4 c5 3. e3 Qb6 4. Nc3 cxd4 (4... a6 5. Bc4 cxd4 6. exd4 e6 7. Nge2 d5 8. Bb3 Bd7 9. O-O Be7 10. Qe1 O-O 11. Rd1 Nc6 {1-0 (23) Aronian,L (2767)-Giri,A (2782) chess.com INT 2018}) 5. exd4 a6 6. a3 {A45: Trompowsky Attack} d5 7. Nf3 Bg4 8. Be2 {The position is equal.} e6 9. O-O Bxf3 $146 ({Predecessor:} 9... Nbd7 10. Rb1 Rc8 11. h3 Bxf3 12. Bxf3 {0-1 (75) Zou,C (2320)-Tran,T (2537) Chengdu 2017}) 10. Bxf3 Nc6 11. Re1 Be7 12. Ne2 Qxb2 13. Rb1 (13. c4 $5) 13... Qxa3 14. c3 (14. c4 $15) 14... O-O 15. Rxb7 Rfc8 16. Qa1 Ra7 (16... Qxa1 $17 17. Rxa1 a5) 17. Qxa3 (17. Qb1 $15 Re8 18. h3) 17... Bxa3 $17 18. Rb3 Be7 19. Ra1 Nd7 20. Nc1 ({Better is} 20. Be3) 20... a5 {[%cal Ba6a5,Ba5a4,Ba4b3,Bb3b2][%mdl 32]} 21. Ra4 Bd8 22. Nd3 Nb6 $36 {[%mdl 2048] Black is on the roll.} 23. Ra1 a4 24. Rb5 Ra5 25. Rxa5 Nxa5 26. Nc5 Nac4 {Played: Na5-b3} 0-1

[Event "ESP-chT Primera Division 2019"]
[Site "Linares"]
[Date "2019.08.28"]
[Round "3.10"]
[White "Llobell Cortell, Enrique"]
[Black "Fernandez Gonzalez, Juan Carlos"]
[Result "1-0"]
[WhiteElo "2400"]
[BlackElo "2396"]
[Annotator "NA"]
[PlyCount "71"]
[EventDate "2019.08.26"]
[EventType "team-tourn"]
[EventCountry "ESP"]
[SourceTitle "playchess.com"]
[Source "ChessBase"]
[SourceQuality "1"]
[TimeControl "5400+30"]

1. e4 {[%emt 0:00:00]} c6 {[%emt 0:00:00]} 2. d4 {[%emt 0:00:17]} d5 {[%emt 0:00:00]} 3. e5 {[%emt 0:00:56]} Bf5 {[%emt 0:01:02]} 4. h4 {[%emt 0:00:52]} h6 {[%emt 0:00:57]} 5. g4 {[%emt 0:00:42]} Bd7 {[%emt 0:00:22]} 6. Nc3 {[%emt 0:01:03]} e6 {[%emt 0:00:41]} 7. Be3 {[%emt 0:01:40]} Qb6 {[%emt 0:03:48]} 8. Na4 {[%emt 0:05:43]} Qc7 {[%emt 0:05:19]} 9. f4 {[%emt 0:10:24]} b6 {[%emt 0:03:40]} 10. Nf3 {[%emt 0:27:10]} c5 {[%emt 0:04:49]} 11. Nc3 {[%emt 0:05:58]} c4 {[%emt 0:20:58]} 12. Ne2 {[%emt 0:05:58]} b5 {[%emt 0:03:32]} 13. a3 {[%emt 0:00:20]} Nc6 {[%emt 0:01:32]} 14. Ng3 {[%emt 0:00:04]} Nge7 {[%emt 0:08:35]} 15. Bh3 {[%emt 0:08:26]} Nc8 {[%emt 0:04:06]} 16. c3 {[%emt 0:00:45]} Na5 {[%emt 0:00:27]} 17. Nd2 {[%emt 0:01:04]} Nb6 {[%emt 0:00:38]} 18. Nh5 {[%emt 0:10:06]} Be7 {[%emt 0:07:39]} 19. Nxg7+ {[%emt 0:01:15]} Kf8 {[%emt 0:00:07]} 20. Nh5 {[%emt 0:00:16]} Bxh4+ {[%emt 0:00:05]} 21. Ke2 {[%emt 0:00:16]} Be7 {[%emt 0:06:18]} 22. Qc2 {[%emt 0:07:43]} Ke8 {[%emt 0:06:03]} 23. f5 {[%emt 0:00:10]} Kd8 {[%emt 0:05:38]} 24. Raf1 {[%emt 0:01:59]} Kc8 {[%emt 0:00:17]} 25. fxe6 {[%emt 0:08:06]} Bxe6 {[%emt 0:01:10]} 26. Ng7 {[%emt 0:00:13]} Kb7 {[%emt 0:05:44]} 27. Nxe6 {[%emt 0:01:18]} fxe6 {[%emt 0:00:02]} 28. Rf7 {[%emt 0:00:17]} Ka6 {[%emt 0:00:10]} 29. Qg6 {[%emt 0:00:45]} Qd7 {[%emt 0:02:12]} 30. Bxh6 Qe8 {[%emt 0:01:55]} 31. g5 {[%emt 0:01:07]} Rg8 {[%emt 0:01:30]} 32. Qxe6 {[%emt 0:00:26]} Bxg5 {[%emt 0:00:19]} 33. Bxg5 {[%emt 0:00:31]} Rxg5 {[%emt 0:00:17]} 34. Nf3 {[%emt 0:00:08]} Rh5 {[%emt 0:00:29]} 35. Qxe8 {[%emt 0:00:35]} Rxe8 {[%emt 0:00:04]} 36. Bc8+ {[%emt 0:00:09]} 1-0

[Event "ESP-chT Primera Division 2019"]
[Site "Linares"]
[Date "2019.08.28"]
[Round "3.11"]
[White "Iglesias Ferreira, Andres"]
[Black "Garcia Martin, Marta"]
[Result "0-1"]
[WhiteElo "1845"]
[BlackElo "2313"]
[Annotator "TA"]
[PlyCount "36"]
[EventDate "2019.08.26"]
[EventType "team-tourn"]
[EventCountry "ESP"]
[SourceTitle "playchess.com"]
[Source "ChessBase"]
[SourceQuality "1"]

{[%evp 13,44,4,0,0,0,0,0,0,0,0,0,0,0,-70,-65,-66,-66,-191,-176,-278,-273,-389,-375,-676,-497,-917,-830,-821,-747,-729,-710,-913,-933]} 1. e4 e5 2. Nf3 Nc6 3. d4 exd4 4. Bc4 Nf6 5. e5 d5 6. Bb5 Ne4 7. Nxd4 Bc5 {...Nxf2! is the strong threat.} 8. Nxc6 {C56: Two Knights: 4 d4 exd4 5 0-0 Nxe4} (8. Be3 O-O 9. Bxc6 bxc6 10. O-O Bxd4 11. Qxd4 c5 12. Qd3 Bf5 13. Qe2 d4 14. f3 Ng5 15. Bxg5 Qxg5 16. Na3 Rfe8 17. Rae1 Rad8 18. Rf2 {½-½ (26) Carlsen,M (2875)-So,W (2754) Stavanger 2019}) 8... Bxf2+ 9. Kf1 bxc6 10. Bxc6+ {[%mdl 64] [#] Double Attack. The position is equal.} Kf8 $1 {And now ...Ba6+ would win.} 11. Qd3 Bf5 12. Qf3 ({Not} 12. Qxd5 $2 Qh4 $19) 12... Bd7 $36 {[%mdl 2048] White is under pressure.} 13. Bxd7 $146 ({White should play} 13. e6 $1 $11 Bxe6 14. Bxa8 Qxa8 15. Nc3) ({Predecessor:} 13. e6 Bxe6 14. Bxa8 Qxa8 15. Nc3 Bb6 16. Nxe4 dxe4 {½-½ (58) Perez,A (1816)-Luers,C (1879) LSS email 2014}) 13... Qxd7 $15 14. Nd2 Bb6 15. b3 (15. Nxe4 $15 dxe4 16. Qxe4 Qd1+ 17. Qe1 Qxc2 18. Qe2) 15... Nf2 $19 {aiming for ...Re8.} 16. Ba3+ (16. c4 {was called for.} Nxh1 17. cxd5) 16... Kg8 17. Rg1 (17. c4 {was necessary.} Nxh1 18. c5 Bxc5 {[%mdl 64] Decoy} 19. Bxc5 Qb5+ {[%mdl 64] Double Attack} 20. Kg1 Qxc5+ 21. Kxh1) 17... Ng4 {[%mdl 64] [#] Double Attack} 18. Qg3 $2 (18. Rh1 Ne3+ {[%mdl 64] Double Attack} 19. Ke2) 18... Re8 {Played: Qd7-f5} 0-1